| 000 | 01050nmm a2200313 a 4500 | ||
|---|---|---|---|
| 001 | ocm0001864805 | ||
| 003 | TR-IsHL | ||
| 005 | 20201028172121.0 | ||
| 008 | 180428s2014 tu uzb | ||
| 007 | cr cn | ||
| 020 | _a9786055688882 | ||
| 035 |
_a1864805 _b(N$T) |
||
| 050 | 0 | 4 |
_aPL65.K59 _bC86 2014 |
| 090 | 0 | 4 |
_aPL65.K59 _bC86 2014 |
| 100 | 1 | _aCumakunova, Gülzura | |
| 245 | 1 | 0 |
_aToktogul: şiirlerle örülen, nağmelere dökülen ömür: armağan _h[electronic resource] / _cGülzura Cumakunova ; editör Gülzura Cumakunova |
| 250 | _aBirinci basım | ||
| 260 |
_aİstanbul : _bAkademik Kitaplar, _c2014 |
||
| 300 | _a318 p. | ||
| 500 |
_aKaynakça var. _x |
||
| 650 | 4 | _aDil ve Edebiyat | |
| 650 | 4 | _aLanguage and Literature | |
| 650 | 0 | _aSatylganov, Toktogul, 1864-1933 | |
| 650 | 0 | _aArmağan kitaplar | |
| 650 | 0 | _aGift books | |
| 650 | 7 |
_aPOETRY / Middle Eastern _2bisacsh |
|
| 700 | 1 | _aCumakunova, Gülzura | |
| 856 | 4 | 0 | _uhttp://search.ebscohost.com/login.aspx?direct=true&scope=site&db=e011xww&AN=1864805 |
| 999 |
_c17041 _d17041 |
||